000 01643nam0a22003491 4500
001 rc\2278854
005 20250623041122.0
035 _a(NLR Aleph) 006558430
090 _a6817271
_c6817271
100 _a20110829d1979 |||y0rusy50 ca
101 0 _arus
102 _aRU
105 _ay z |||||
200 1 _aФильтрование высоковязких растворов полимеров
_f[Сост. В.С. Матвеев, Г.А. Спицына]
210 _aМосква
_cНИИТЭхим
_d1979
215 _a71 с.
_d20
225 1 _aХимическая промышленность
_eОбзор. информ.
_fМ-во хим. пром-сти, НИИ техн.-экон. исслед.
_iСерия "Промышленность химических волокон"
300 _aСост. указаны в вып. дан.
320 _aБиблиогр.: с. 49-70 (475 назв.)
606 _aПолимеры
_xРастворы
_xФильтрование
_jОбзоры литературы информационные
_2psbo
686 _aЛ730.23,0
_2rubbk
700 1 _7ca
_8rus
_aМатвеев
_bВ. С.
_cканд. техн. наук, полимеры
_gВладимир Сергеевич
_9232702
_3RU\NLR\AUTH\770232758
701 1 _aСпицына
_bГ.А.
_gГалина Алексеевна
712 0 2 _aНИИ техн.-экон. исследований М-ва хим. пром-сти СССР
801 0 _aRU
_bNLR
_gpsbo
801 1 _aRU
_bELAR
_2rusmarc
852 _aNLR
_j80-4/9663
899 _aRuMoRGB
_jB 80-9/558
899 _aRuMoRGB
_jB 80-9/559
942 _cBOOK
980 _aNB